书目信息 |
| 题名: |
认知差
|
|
| 作者: | 达菲 著 ;巴库斯 译 | |
| 分册: | ||
| 出版信息: | 北京 民主与建设出版社有限责任公司 2025.06 |
|
| 页数: | 13,282页 | |
| 开本: | 21cm | |
| 丛书名: | ||
| 单 册: | ||
| 中图分类: | B842.1-49 | |
| 科图分类: | ||
| 主题词: | 认知心理学--通俗读物 | |
| 电子资源: | ||
| ISBN: | 978-7-5139-4855-5 | |
| 000 | 01074nam0 2200253 450 | |
| 001 | 013650362 | |
| 005 | 20251022154522.72 | |
| 010 | @a978-7-5139-4855-5@dCNY62.00 | |
| 100 | @a20250611d2025 em y0chiy0120 ea | |
| 101 | 1 | @achi@ceng |
| 102 | @aCN@b110000 | |
| 105 | @aa z 000yy | |
| 106 | @ar | |
| 200 | 1 | @a认知差@9ren zhi cha@dThe perils of perception@ewhy we're wrong about nearly everything(and how we can overcome)@f(英)鲍比·达菲(Bobby Duffy)著@g巴库斯译@zeng |
| 210 | @a北京@c民主与建设出版社有限责任公司@d2025.06 | |
| 215 | @a13,282页@c图@d21cm | |
| 330 | @a本书以伊索公司在40个国家进行的数十项独家问卷调查为基础,从多个角度揭示了有关错误认知的关键真相,回答了我们错在了哪里、为什么错,以及如何改进认知方式等经典问题。 | |
| 510 | 1 | @aPerils of perception@ewhy we're wrong about nearly everything(and how we can overcome)@zeng |
| 606 | 0 | @a认知心理学@j通俗读物 |
| 690 | @aB842.1-49@v5 | |
| 701 | 0 | @c(英)@a达菲@9da fei@c(Duffy, Bobby)@4著 |
| 702 | 0 | @a巴库斯@9ba ku si@4译 |
| 801 | 0 | @aCN@c20250909 |
| 905 | @a河南城建学院图书馆@dB842.1@eD005@ZD005@f1 | |
| 认知差=The perils of perception:why we're wrong about nearly everything(and how we can overcome)/(英)鲍比·达菲(Bobby Duffy)著/巴库斯译.-北京:民主与建设出版社有限责任公司,2025.06 |
| 13,282页:图;21cm |
| ISBN 978-7-5139-4855-5:CNY62.00 |
| 本书以伊索公司在40个国家进行的数十项独家问卷调查为基础,从多个角度揭示了有关错误认知的关键真相,回答了我们错在了哪里、为什么错,以及如何改进认知方式等经典问题。 |
| ● |
| 相关链接 |
|
|
|
正题名:认知差
索取号:B842.1/D005
 
预约/预借
| 序号 | 登录号 | 条形码 | 馆藏地/架位号 | 状态 | 备注 |
| 1 | 1632417 | 216324172 | 社科库509/509社科库 36排1列1层/ [索取号:B842.1/D005] | 在馆 |